LEADER 01548nam a2200337 u 4500 001 000000058689 003 CaOOAMICUS 005 20070226120723.0 008 010611s2001 it u000 u ita u 020 $a8814086311 035 $a10892163 040 $aPUL$bita 110 1 $aItalia.$0(OLS)http://pul/name/1188 240 10$aLeggi, ecc.$9(Italia).$0(OLS)http://pul/title/1565 245 10$aLegge di riforma del diritto internazionale privato e testi collegati /$cR. Clerici, F. Mosconi, F. Pocar. 250 $a3. ed. 260 $aMilano :$bGiuffrè,$c2001. 300 $axii, 243 p. ;$c17 cm 490 1 $aRaccolte legislative per l'università, i concorsi e la professione 650 4$aDiritto internazionale privato.$0(OLS)http://pul/subject/2921 700 1 $aPocar, Fausto.$0(OLS)http://pul/name/29608 700 1 $aMosconi, Franco.$0(OLS)http://pul/name/26690 700 1 $aClerici, R.$0(OLS)http://pul/name/40671 830 0$aRaccolte legislative per l'università, i concorsi e la professione.$0(OLS)http://pul/title/70604 850 $aPUL 852 $aPUL$W1$xDP2 Diritto e Scienze Sociali 3$y110$m340. 09 CLERO 1$j175351$nBK-PRI$b $qDDC 21$B76639$CPULBib$Z2$F76639 $H84598 $81 941 1 $a9 961 $aPrecedente Collocazione: DCiv 34 26 996 $6020$a8814086311$9(OLS)http://pul/number/74458 996 $6245$aLegge di riforma del diritto internazionale privato e testi collegati$9(OLS)http://pul/title/78632 996 $6260$aMilano :$bGiuffrè$9(OLS)http://pul/publisher/48401 LEADER 01239nam a2200313 a 4500 001 000000155338 003 CaOOAMICUS 005 20161020114312.0 008 161020s2007 it u000 u ita r 020 $a978-88-420-8634-5* 032 $aLibriCat 040 $aPUL$bita 082 04$a511.3 100 1 $aBerto, Francesco.$0(OLS)http://pul/name/98922 245 10$aLogica da zero a Gödel /$cFrancesco Berto. 260 $aRoma ;$aBari :$bLaterza,$c©2007. 300 $aX, 218 p. ;$c21 cm. 490 1 $aEconomica Laterza ;$v472 650 4$aLogica matematica.$0(OLS)http://pul/subject/9225 650 4$aLogica$xStudi.$0(OLS)http://pul/subject/35370 830 0$aEconomica Laterza ;$v472.$0(OLS)http://pul/title/39309 850 $aPUL 852 $aPUL$W1$xSL Cons. Gen., Altre Classi 3$y75$m511. 3 BERFR 1$j178414$qDDC 21$B181628$CPULBib$Z2$F181628 $H128239 $81 941 1 $a9 996 $6020$a978-88-420-8634-5*$9(OLS)http://pul/number/161361 996 $6082$a511.3$9(OLS)http://pul/classification/1789 996 $6245$aLogica da zero a Gödel$9(OLS)http://pul/title/194989 996 $6260$aRoma ;$aBari :$bLaterza$9(OLS)http://pul/publisher/57682